Kenneth Kaunda International Airport Destinations (Lusaka, Zambia) - Statistics

General Stats
  • This quiz has been taken 54 times
    14 since last reset
  • The average score is 13 of 20
Answer Stats
Airline Destination % Correct
Ethiopian Airlines Addis Ababa
100%
Qatar Airways Doha
100%
Emirates Dubai (International)
100%
Airlink/Proflight Zambia/RwandAir/South African Airways/Zambia Airways Johannesburg (O.R.Tambo)
100%
Proflight Zambia Cape Town
92%
Air Tanzania/Zambia Airways Dar es Salaam
92%
Turkish Airlines Istanbul
92%
Kenya Airlines/Zambia Airways Nairobi (Jomo Kenyatta)
92%
RwandAir Kigali
83%
Uganda Airlines Entebbe
75%
Air Botswana Gaborone
75%
Emirates/Fastjet Zimbabwe/Kenya Airlines/Malawi Airlines/Qatar Airways/Zambia Airways Harare
67%
Malawi Airlines/Proflight Zambia Lilongwe
67%
Proflight Zambia/Zambia Airways Livingstone
58%
Proflight Zambia Windhoek (Hosea Kutako)
50%
Proflight Zambia/Zambia Airways Ndola
33%
Proflight Zambia Kasama
8%
Proflight Zambia/Zambia Airways Mfuwe
8%
Proflight Zambia Solwezi
8%
Proflight Zambia Mansa
0%
No matching quizzes found
Score Distribution
Percent of People with Each Score
Percentile by Number Answered
Your Score History
You have not taken this quiz since the last reset